Huelgas y "lock-outs" en los diversos países (Record no. 22640)

MARC details
000 -LEADER
campo de control de longitud fija 00669nam a2200193 i 4500
001 - NÚMERO DE CONTROL
campo de control 22640
003 - IDENTIFICADOR DE NÚMERO DE CONTROL
campo de control ES-MaACL
005 - FECHA Y HORA DE LA ÚLTIMA TRANSACCIÓN
campo de control 20230906152731.0
007 - CAMPO FIJO DE DESCRIPCIÓN FÍSICA--INFORMACIÓN GENERAL
campo de control de longitud fija t|
008 - DATOS DE LONGITUD FIJA--INFORMACIÓN GENERAL
campo de control de longitud fija 021204s1923 sp ||||1| spa d
100 1# - ENTRADA PRINCIPAL--NOMBRE DE PERSONA
Nombre de persona Altimiras Mezquita, Manuel.
9 (RLIN) 20543
245 10 - MENCIÓN DEL TÍTULO
Título Huelgas y "lock-outs" en los diversos países
Resto del título : estudio estadístico comparativo /
Mención de responsabilidad, etc. Manuel Altimiras Mezquita.
260 ## - PUBLICACIÓN, DISTRIBUCIÓN, ETC.
Lugar de publicación, distribución, etc. Madrid :
Nombre del editor, distribuidor, etc. [s.n.,
Fecha de publicación, distribución, etc. 1923] (
Fabricante Sob. de Suc. de Minuesa)
300 ## - DESCRIPCIÓN FÍSICA
Extensión 99 p.
490 1# - MENCIÓN DE SERIE
Mención de serie Publicaciones del Instituto de Reformas Sociales
830 0# - PUNTO DE ACCESO ADICIONAL DE SERIE-TÍTULO UNIFORME
Título uniforme Publicaciones del Instituto de Reformas Sociales
9 (RLIN) 229002
852 ## - LOCALIZACIÓN
Ubicación ES-MaACL
Número de control de estantería 1653-F-16
Holdings
Estatus retirado Estado de pérdida Estado de daño No para préstamo Colección Biblioteca de origen Biblioteca actual Ubicación en estantería Fecha de adquisición Fuente de adquisición Total de préstamos Signatura topográfica completa Código de barras Visto por última vez Precio de reemplazo Tipo de ítem Koha
        Colección de folletos Biblioteca del Ateneo de Madrid Biblioteca del Ateneo de Madrid Depósito folletos 17/01/2008     1653-F-16 1023309 23/02/2023 23/02/2023 Folleto